| 000 | 01318nam a2200301Ia 4500 | ||
|---|---|---|---|
| 999 |
_c5400 _d5400 |
||
| 003 | OSt | ||
| 005 | 20200520151822.0 | ||
| 008 | 191128s1944 sp ado gr 000 0 spa d | ||
| 040 |
_aCO-JMCR _cCO-JMCR |
||
| 041 | 1 |
_aspa _heng |
|
| 082 | 0 | 4 |
_a330.09 / _bG435f _223 |
| 100 |
_aGlenday, Roy, _eautor _94574 |
||
| 245 | 1 | 0 |
_aEl futuro de la sociedad económica : _bun estudio sobre la organización de grupo / _cRoy Glenday ; traducción directa del inglés por Gonzalo Guasp ; revisión e introducción por Manuel de Torres |
| 260 |
_aEspaña : _bAguilar, _c1944 |
||
| 300 |
_axlvii, 339 páginas : _b 3 gráficos, 1 fotografía a blanco y negro ; _c20 cm. |
||
| 490 | 0 | _aBiblioteca de Ciencias Económicas Políticas y Sociales / Manuel de Torres | |
| 500 | _aIncluye índice alfabético páginas 329-339. | ||
| 505 | _aLeyes del crecimiento y del a estructura -- Ilustraciones históricas -- La estela de la sociedad industrial | ||
| 534 | _pThe future of economic society | ||
| 546 | _aTraducido del inglés | ||
| 650 | 1 | 4 |
_aPolítica económica _94575 |
| 650 | 2 | 4 |
_aSistemas económicos _94576 |
| 650 | 2 | 4 |
_a Desarrollo económico _94577 |
| 650 | 2 | 4 |
_a Industrialización Sociología _94578 |
| 700 | 1 |
_aGuasp, Gonzalo, _etraductor _94579 |
|
| 700 | 1 |
_aTorres, Manuel de, _erevisor _93623 |
|
| 942 |
_2ddc _cBK |
||